| 000 | 00404nam a2200169Ia 4500 | ||
|---|---|---|---|
| 005 | 20250508163007.0 | ||
| 008 | 008 250505s9999 xx 000 0 eng d | ||
| 037 | _aPeriodicals | ||
| 040 |
_aFEDL _beng _cFEDL |
||
| 041 |
_aeng _2eng |
||
| 084 | _qFEDL | ||
| 245 | 0 | _aEducation research and perspectives Vol. 1 | |
| 260 | _c1974 | ||
| 490 | _vVol. 1 | ||
| 942 | _cCR | ||
| 999 |
_c1379988 _d1379988 |
||